LEADER 01961nam--2200553---450 001 990003522770203316 005 20170927105113.0 010 $a0-07-162442-2 010 $a978-0-07-162442-8 035 $a000352277 035 $aUSA01000352277 035 $a(ALEPH)000352277USA01 035 $a000352277 100 $a20110418d2011----km-y0itay50------ba 101 0 $aeng 102 $aUS 105 $aa|||||||001yy 200 1 $aGoodman & Gilman?s The pharmacological basis of therapeutics 205 $a12. ed.$feditor Laurence L. Brunton$gassociate editors Bruce A. Chabner, Björn C. Knollmann 210 $aNew York [etc.]$cMcGraw-Hill Medical$d2011 215 $aXXI, 2084 p.$cill.$d26 cm$e1 DVD 517 1 $aGoodman and Gilman's The pharmacological basis of therapeutics 517 1 $a<> pharmacological basis of therapeutics 606 0 $aFarmacologia$2BNCF 676 $a615.7 700 1$aGOODMAN,$bLouis Sanford$090069 701 1$aGILMAN,$bAlfred$0445099 702 1$aBRUNTON,$bLaurence L. 702 1$aCHABNER,$bBruce 702 1$aKNOLLMANN,$bBjörn C. 801 0$aIT$bsalbc$gISBD 912 $a990003522770203316 951 $a615.7 GOO$b1481 L.G.$c615.7$d00296119 951 $a615.7 GOO 1$b5517 Farm.$c615.7$d00269277 951 $a615.7 GOO 1 a$b5518 Farm.$c615.7$d00269278 951 $a615.7 GOO 1 b$b5923 Farm.$d615$d00332155 959 $aBK 969 $aMED 969 $aFAR 979 $aPASSARO$b90$c20110418$lUSA01$h0946 979 $aPASSARO$b90$c20110418$lUSA01$h0949 979 $aANNAMARIA$b90$c20110419$lUSA01$h1028 979 $aANNAMARIA$b90$c20110419$lUSA01$h1030 979 $aANNAMARIA$b90$c20110419$lUSA01$h1033 979 $aANNAMARIA$b90$c20110419$lUSA01$h1037 979 $aANNAMARIA$b90$c20110419$lUSA01$h1059 979 $aANNAMARIA$b90$c20111209$lUSA01$h1319 996 $aGoodman & Gilman's the pharmacological basis of therapeutics$913795 997 $aUNISA